Business plan for a selected company diplomová práca

Gespeichert in:
Bibliographische Detailangaben
1. Verfasser: Pecuš, Samuel Eduard
Körperschaft: Fakulta podnikového manažmentu EU. Katedra manažmentu
Weitere Verfasser: Slávik, Štefan, 1955-
Format: Buch
Sprache:Englisch
Veröffentlicht: Bratislava 2025
Tags: Tag hinzufügen
Keine Tags, Fügen Sie das erste Tag hinzu!

MARC

LEADER 00000nbm a2200000 4500
001 0309724
005 20251217135938.7
041 0 |a eng 
044 |a SK 
245 1 0 |a Business plan for a selected company  |b diplomová práca  |c Samuel Eduard Pecuš ; školiteľ: Štefan Slávik 
264 1 |a Bratislava  |c 2025 
300 |a 86 s. 
100 1 |a Pecuš, Samuel Eduard 
700 1 |a Slávik, Štefan, 1955- 
710 2 |a Fakulta podnikového manažmentu EU. Katedra manažmentu